Integral yoga : (Record no. 169577)

MARC details
000 -LEADER
fixed length control field 00573nam a22001817a 4500
005 - DATE AND TIME OF LATEST TRANSACTION
control field 20191125153716.0
010 ## - LCCN (DPL NO)
LC control number ENG-127007
020 ## - INTERNATIONAL STANDARD BOOK NUMBER
International Standard Book Number 8185883602
Terms of availability 150.00
035 ## - SYSTEM CONTROL NUMBER
System control number EN-110539
037 ## - SOURCE OF ACQUISITION
Source of stock number/acquisition DBAD/PUB
082 ## - DEWEY DECIMAL CLASSIFICATION NUMBER
Classification number 181.45
100 ## - MAIN ENTRY--PERSONAL NAME
Personal name Jyotirmayananda, Swami
245 ## - TITLE STATEMENT
Title Integral yoga :
Statement of responsibility, etc by Swami Jyotirmayananda
Remainder of title a primer course /
260 ## - PUBLICATION, DISTRIBUTION, ETC. (IMPRINT)
Place of publication, distribution, etc Uttar Pradesh
Date of publication, distribution, etc 2018
Name of publisher, distributor, etc International yoga society
270 ## - ADDRESS
Address Lal Bagh, loni,
City Ghaziabad
Postal code 201102
Telephone number 0120-2600237
Electronic mail address iys@vsnl.com
300 ## - PHYSICAL DESCRIPTION
Extent 119p.
Dimensions 20cm(pbk)
942 ## - ADDED ENTRY ELEMENTS (KOHA)
Source of classification or shelving scheme Dewey Decimal Classification
Item type English Books
Classification part 181.432
Call number suffix JYO
Holdings
Withdrawn status Lost status Not for loan Collection code Home library Current library Date acquired Source of acquisition Cost, normal purchase price Full call number Barcode Copy number Cost, replacement price Koha item type
      Non-fiction Bawana Bawana 25/11/2019 DBAD/PUB 150.00 181.432 JYO EN-110539 1 150.00 English Books

© Delhi Public Library
Hit Counter
free hit counter